Ortsatlas des Kirchspiels Neue Kirche Goldap
| Titel: | Ortsatlas des Kirchspiels Neue Kirche Goldap : Kreis Goldap in Ostpreußen; Siedlungsgeschichtliche Dokumentation |
|---|---|
| Verfasser: | |
| Beteiligt: | |
| Veröffentlicht: | [s.l.] : Kreisgemeinschaft Goldap, [ca. 2014] |
| Umfang: | 281 S. : Ill., Kt. |
| Format: | Buch |
| Sprache: | Deutsch |
| ISBN: | 3981525345 ; 9783981525342 |
| Hinweise zum Inhalt: |
Inhaltsverzeichnis
|
alg: 35745236
001A $03004:31-03-15
001B $01999:09-06-23 $t22:23:42.000
001C $03004:31-03-15 $t11:54:34.000
001D $03004:31-03-15
001U $0utf8
001X $00
002@ $0Aau
003@ $0357452364
003O $0905894893 $aOCoLC
004A $03-9815253-4-5
004A $A978-3-9815253-4-2
006G $01071830295
006H $0TOCNEUA1609 $2DNB
006L $0BV042469480 $2BVB
006U $016,B09 $f20150601
007A $0BV042469480 $aBVB
007G $0DE0205419C7AA5ECBC91FC1257E3400444993
009P $qapplication/pdf $A2 $3Inhaltsverzeichnis $uhttp://scans.hebis.de/HEBCGI/show.pl?35745236_toc.pdf $mV:DE-603;B:DE-Mb50
010@ $ager
011@ $a2014 $n[ca. 2014]
021A $aOrtsatlas des Kirchspiels Neue Kirche Goldap $dKreis Goldap in Ostpreußen; Siedlungsgeschichtliche Dokumentation
028A $7 $8Trucewitz, Annelies [Tnd] $9223779822
028B/01 $7 $8Trucewitz, Gerhard [Tnd] $9223779830
033A $p{[s.l.] $nKreisgemeinschaft Goldap
034D $a281 S.
034M $aIll., Kt.
044K $74677783-0 $8Gołdap$zRegion [Tg1] $9103731601
044K $RBildband $RAtlaskartografie $RKarte $#Atlases $#Atlas $#Weltatlas $#Bildatlas $#Topographischer Atlas $#Topografischer Atlas $#Atlanten $74143303-8 $8Atlas [Ts1] $9085561835
045E $c940
045F $a306.0943832 $eDDC23BSB
045F/01 $a306.09
045F/03 $g43832
045G $a910.943832 $eDDC23BSB
045G/01 $a910
045G/03 $g43832
045H $a929.0943832 $eDDC23BSB
045H/01 $a929
045H/03 $g43832
045I $a900.943832 $eDDC23BSB
045I/01 $a900
045I/03 $g43832
lok: 35745236 24
101B $015-04-15 $t14:25:50.000
101C $015-04-15
101U $0utf8
145Z/01 $a6 8 G 1
145Z/02 $a6 3 G
145Z/03 $a6 2 C
145Z/04 $a6 4 D
145Z/05 $a6 5 Fa
exp: 35745236 24 1 #EPN
201B/01 $015-04-15 $t14:25:50.000
201C/01 $031-03-15
201U/01 $0utf8
203@/01 $0752433210
208@/01 $a15-04-15 $bz
209A/01 $a15.02935 $du $f050 $h15 02935 $x00
209C/01 $a15.02935 K $h15 02935 K
209G/01 $a73672511 $x00
220C/01 $ahae
247C/01 $8358050-7 Marburg, Bibliothek des Herder-Instituts Marburg $9102600961
lok: 35745236 78
exp: 35745236 78 1 #EPN
201B/01 $015-07-19 $t10:18:35.000
201C/01 $015-07-19
201U/01 $0utf8
203@/01 $0105551659X
208@/01 $a15-07-19 $be
209A/01 $a/ $f000 $x00
209A/01 $ab*p $x01
220C/01 $aeja
244Z/01 $#Ostpreußen $#Ostpreußen $#Provinz Ostpreußen $74075754-7 $8--Tg1--Ostpreußen $x19 $9085214493
247C/01 $82080>Marburg/Lahn, Herder-Institut, Forschungsbibliothek, Bibliographieportal $9336309341
| LEADER | 00000cam a2200000 c 4500 | ||
|---|---|---|---|
| 001 | 357452364 | ||
| 003 | DE-603 | ||
| 005 | 20230609222342.0 | ||
| 007 | tu | ||
| 008 | 150331s2014 xx |||| | u00||u|ger | ||
| 015 | |a 16,B09 |2 dnb | ||
| 016 | 7 | |2 DE-101 |a 1071830295 | |
| 020 | |a 3981525345 | ||
| 020 | |a 9783981525342 | ||
| 035 | |a (DE-599)BVBBV042469480 | ||
| 035 | |a (DE-604)BV042469480 | ||
| 035 | |a (OCoLC)905894893 | ||
| 040 | |a DE-603 |b ger |c DE-603 |d DE-603 | ||
| 041 | |a ger | ||
| 082 | 0 | 4 | |8 1\u |a 306.0943832 |q DE-101 |2 23/BSB |
| 083 | 0 | |8 2\u |a 910.943832 |q DE-101 |2 23/BSB | |
| 083 | 0 | |8 3\u |a 929.0943832 |q DE-101 |2 23/BSB | |
| 083 | 0 | |8 4\u |a 900.943832 |q DE-101 |2 23/BSB | |
| 084 | |a 940 |q DE-101 |2 sdnb | ||
| 085 | |8 1\u |b 306.09 | ||
| 085 | |8 1\u |z 2 |s 43832 | ||
| 085 | |8 2\u |b 910 | ||
| 085 | |8 2\u |z 2 |s 43832 | ||
| 085 | |8 3\u |b 929 | ||
| 085 | |8 3\u |z 2 |s 43832 | ||
| 085 | |8 4\u |b 900 | ||
| 085 | |8 4\u |z 2 |s 43832 | ||
| 100 | 1 | |a Trucewitz, Annelies |0 (DE-603)223779822 | |
| 245 | 0 | 0 | |a Ortsatlas des Kirchspiels Neue Kirche Goldap |b Kreis Goldap in Ostpreußen; Siedlungsgeschichtliche Dokumentation |
| 264 | 1 | |a [s.l.] |b Kreisgemeinschaft Goldap |c [ca. 2014] | |
| 300 | |a 281 S. |b Ill., Kt. | ||
| 650 | 7 | |a Atlas |0 (DE-588)4143303-8 |0 (DE-603)085561835 |2 gnd | |
| 651 | 7 | |a Gołdap |0 (DE-588)4677783-0 |0 (DE-603)103731601 |2 gnd | |
| 700 | 1 | |a Trucewitz, Gerhard |0 (DE-603)223779830 | |
| 856 | 4 | 2 | |m V:DE-603;B:DE-Mb50 |q application/pdf |u http://scans.hebis.de/HEBCGI/show.pl?35745236_toc.pdf |3 Inhaltsverzeichnis |
| 924 | 0 | |9 Mb 50 |a (DE-603)752433210 |b DE-Mb50 |c HES |d c |g 15.02935 | |
| 924 | 0 | |9 2080 |a (DE-603)105551659X |b DE-2080 |c HES |d d |g / | |


